[Event "DEM U18 2018"]
[Site "Willingen GER"]
[Date "2018.05.24"]
[Round "7"]
[White "Schmohel, Andreas"]
[Black "Zimmer, Luca"]
[Result "1-0"]
[Termination "normal"]
[Board "14"]
[WhiteElo "1782"]
[BlackElo "1633"]
[WhiteClock "00:53:28"]
[BlackClock "00:31:58"]
[PlyCount "67"]
[WhiteFideId "16228006"]
[BlackFideId "12921424"]
[EventCountry "GER"]
[EventRounds "9"]
[EventType "swiss"]
[EventDate "2018.05.19"]

1. e4 {[%clk 1:30:58]} 1... e6 {[%clk 1:30:46]} 2. d4 {[%clk 1:31:14]} 2... d5
{[%clk 1:31:09]} 3. Nd2 {[%clk 1:31:33]} 3... Nf6 {[%clk 1:31:29]} 4. e5 {
[%clk 1:31:51]} 4... Nfd7 {[%clk 1:31:55]} 5. Bd3 {[%clk 1:32:15]} 5... c5 {
[%clk 1:32:19]} 6. c3 {[%clk 1:32:33]} 6... Nc6 {[%clk 1:32:44]} 7. Ne2 { [%clk
1:32:49]} 7... cxd4 {[%clk 1:33:07]} 8. cxd4 {[%clk 1:33:10]} 8... f6 { [%clk
1:33:29]} 9. exf6 {[%clk 1:33:31]} 9... Nxf6 {[%clk 1:33:50]} 10. Nf3 { [%clk
1:33:46]} 10... Bd6 {[%clk 1:34:11]} 11. O-O {[%clk 1:33:56]} 11... Qc7 { [%clk
1:34:37]} 12. Bg5 {[%clk 1:34:13]} 12... O-O {[%clk 1:34:56]} 13. Bh4 { [%clk
1:34:32]} 13... Nh5 {[%clk 1:35:14]} 14. Qc2 {[%clk 1:34:42]} 14... h6 { [%clk
1:35:34]} 15. Bh7+ {[%clk 1:35:06]} 15... Kh8 {[%clk 1:36:00]} 16. Bg6 { [%clk
1:35:26]} 16... Rxf3 {[%clk 1:30:33]} 17. Bxh5 {[%clk 1:35:41]} 17... Rf5
{[%clk 1:28:57]} 18. Bg6 {[%clk 1:35:43]} 18... Rf8 {[%clk 1:28:01]} 19. Bg3 {
[%clk 1:35:54]} 19... Bd7 {[%clk 1:23:02]} 20. Rac1 {[%clk 1:35:51]} 20... Rac8
{[%clk 1:21:52]} 21. a3 {[%clk 1:31:31]} 21... Qb8 {[%clk 1:11:50]} 22. Qd2 {
[%clk 1:28:50]} 22... Ne7 {[%clk 1:07:53]} 23. Bb1 {[%clk 1:27:35]} 23... Nf5 {
[%clk 1:06:26]} 24. Nf4 {[%clk 1:23:54]} 24... Rf6 {[%clk 0:51:04]} 25. Rxc8+ {
[%clk 1:09:23]} 25... Bxc8 {[%clk 0:49:06]} 26. Bxf5 {[%clk 1:00:36]} 26...
Rxf5 {[%clk 0:46:22]} 27. Ng6+ {[%clk 0:58:43]} 27... Kh7 {[%clk 0:45:44]} 28.
Ne7 {[%clk 0:57:10]} 28... Bxg3 {[%clk 0:42:37]} 29. hxg3 {[%clk 0:55:04]}
29... Rf7 {[%clk 0:41:42]} 30. Qc2+ {[%clk 0:54:59]} 30... Kh8 {[%clk 0:39:22]}
31. Qxc8+ {[%clk 0:54:29]} 31... Qxc8 {[%clk 0:39:20]} 32. Nxc8 {[%clk 0:54:51]
} 32... a6 {[%clk 0:32:27]} 33. Rc1 {[%clk 0:53:37]} 33... b5 {[%clk 0:31:58]}
34. Rc6 {[%clk 0:53:28]} 1-0

[Event "DEM U18 2018"]
[Site "Willingen GER"]
[Date "2018.05.25"]
[Round "8"]
[White "Reuker, Jari"]
[Black "Buckels, Valentin"]
[Result "1-0"]
[Termination "normal"]
[Board "1"]
[BlackTitle "FM"]
[WhiteElo "2338"]
[BlackElo "2340"]
[WhiteClock "00:24:11"]
[BlackClock "00:10:39"]
[PlyCount "55"]
[WhiteFideId "12909300"]
[BlackFideId "12942766"]
[EventCountry "GER"]
[EventRounds "9"]
[EventType "swiss"]
[EventDate "2018.05.19"]

1. e4 {[%clk 1:30:56]} 1... e5 {[%clk 1:30:54]} 2. Nf3 {[%clk 1:31:20]} 2...
Nc6 {[%clk 1:31:19]} 3. Bb5 {[%clk 1:31:44]} 3... a6 {[%clk 1:31:45]} 4. Ba4 {
[%clk 1:32:08]} 4... Nf6 {[%clk 1:32:10]} 5. O-O {[%clk 1:32:29]} 5... Be7 {
[%clk 1:32:31]} 6. Re1 {[%clk 1:32:51]} 6... b5 {[%clk 1:32:57]} 7. Bb3 { [%clk
1:33:16]} 7... O-O {[%clk 1:33:22]} 8. c3 {[%clk 1:33:40]} 8... d5 { [%clk
1:33:48]} 9. exd5 {[%clk 1:34:02]} 9... Nxd5 {[%clk 1:34:13]} 10. Nxe5 { [%clk
1:34:23]} 10... Nxe5 {[%clk 1:34:40]} 11. Rxe5 {[%clk 1:34:45]} 11... c6 {[%clk
1:35:07]} 12. d3 {[%clk 1:35:04]} 12... Bd6 {[%clk 1:35:32]} 13. Re1 { [%clk
1:35:28]} 13... Bf5 {[%clk 1:35:58]} 14. Qf3 {[%clk 1:35:48]} 14... Bg6 { [%clk
1:35:08]} 15. Na3 {[%clk 1:36:10]} 15... Bxa3 {[%clk 1:16:01]} 16. bxa3 { [%clk
1:36:31]} 16... Nxc3 {[%clk 1:16:24]} 17. Bd2 {[%clk 1:36:21]} 17... Nd5 {[%clk
1:10:19]} 18. Rac1 {[%clk 1:36:28]} 18... Rc8 {[%clk 0:57:51]} 19. Rc5 { [%clk
1:35:22]} 19... Qd6 {[%clk 0:47:17]} 20. Rec1 {[%clk 1:26:08]} 20... Ne7 {[%clk
0:46:04]} 21. Bb4 {[%clk 1:09:53]} 21... Qd7 {[%clk 0:45:08]} 22. h4 { [%clk
1:01:46]} 22... Nf5 {[%clk 0:40:24]} 23. Qg4 {[%clk 0:33:55]} 23... Qd4 { [%clk
0:38:39]} 24. Bd1 {[%clk 0:33:30]} 24... h5 {[%clk 0:20:44]} 25. Qg5 { [%clk
0:30:29]} 25... Nxh4 {[%clk 0:13:04]} 26. g3 {[%clk 0:27:19]} 26... Nf5 { [%clk
0:10:21]} 27. Rxf5 {[%clk 0:26:15]} 27... Bxf5 {[%clk 0:10:39]} 28. Bc3 { [%clk
0:24:11]} 1-0

[Event "DEM U18 2018"]
[Site "Willingen GER"]
[Date "2018.05.25"]
[Round "8"]
[White "Parvanyan, Ashot"]
[Black "Niermann, Tristan"]
[Result "1-0"]
[Termination "normal"]
[Board "2"]
[WhiteTitle "FM"]
[BlackTitle "FM"]
[WhiteElo "2413"]
[BlackElo "2327"]
[WhiteClock "00:12:02"]
[BlackClock "00:10:34"]
[PlyCount "51"]
[WhiteFideId "13307550"]
[BlackFideId "12990698"]
[EventCountry "GER"]
[EventRounds "9"]
[EventType "swiss"]
[EventDate "2018.05.19"]

1. Nf3 {[%clk 1:30:56]} 1... d5 {[%clk 1:30:56]} 2. d4 {[%clk 1:30:49]} 2...
Nf6 {[%clk 1:31:15]} 3. c4 {[%clk 1:30:46]} 3... c6 {[%clk 1:31:28]} 4. Qc2 {
[%clk 1:30:53]} 4... dxc4 {[%clk 1:29:44]} 5. Qxc4 {[%clk 1:31:16]} 5... Bf5 {
[%clk 1:27:30]} 6. g3 {[%clk 1:31:06]} 6... e6 {[%clk 1:27:05]} 7. Bg2 { [%clk
1:31:31]} 7... Nbd7 {[%clk 1:27:21]} 8. O-O {[%clk 1:31:39]} 8... Be7 { [%clk
1:27:31]} 9. e3 {[%clk 1:31:08]} 9... O-O {[%clk 1:27:17]} 10. Qe2 { [%clk
1:31:34]} 10... Qc7 {[%clk 1:20:26]} 11. Nbd2 {[%clk 1:28:49]} 11... e5 { [%clk
1:12:21]} 12. h3 {[%clk 1:20:32]} 12... Rfe8 {[%clk 1:05:34]} 13. g4 { [%clk
1:00:17]} 13... Be6 {[%clk 0:59:12]} 14. b3 {[%clk 0:57:12]} 14... Bd6 { [%clk
0:45:02]} 15. Bb2 {[%clk 0:53:17]} 15... exd4 {[%clk 0:37:44]} 16. Nxd4 { [%clk
0:50:26]} 16... Bd5 {[%clk 0:36:43]} 17. Rac1 {[%clk 0:43:47]} 17... Bh2+
{[%clk 0:28:33]} 18. Kh1 {[%clk 0:44:08]} 18... Bxg2+ {[%clk 0:28:29]} 19. Kxg2
{[%clk 0:44:31]} 19... Nd5 {[%clk 0:27:20]} 20. Qf3 {[%clk 0:39:12]} 20... Ne5
{[%clk 0:18:59]} 21. Qxd5 {[%clk 0:35:46]} 21... Nd3 {[%clk 0:14:14]} 22. Qf5 {
[%clk 0:20:07]} 22... Nxb2 {[%clk 0:13:27]} 23. N2f3 {[%clk 0:11:43]} 23... Bd6
{[%clk 0:10:54]} 24. Qc2 {[%clk 0:11:25]} 24... Qa5 {[%clk 0:10:11]} 25. Qxb2 {
[%clk 0:11:43]} 25... Ba3 {[%clk 0:10:34]} 26. Qc3 {[%clk 0:12:02]} 1-0

[Event "DEM U18 2018"]
[Site "Willingen GER"]
[Date "2018.05.25"]
[Round "8"]
[White "Schmidek, Emil"]
[Black "Lagunow, Raphael"]
[Result "1/2-1/2"]
[Termination "normal"]
[Board "3"]
[WhiteTitle "FM"]
[BlackTitle "FM"]
[WhiteElo "2395"]
[BlackElo "2387"]
[WhiteClock "01:17:58"]
[BlackClock "01:13:19"]
[PlyCount "40"]
[WhiteFideId "12908150"]
[BlackFideId "24652644"]
[EventCountry "GER"]
[EventRounds "9"]
[EventType "swiss"]
[EventDate "2018.05.19"]

1. e4 {[%clk 1:30:58]} 1... c5 {[%clk 1:30:50]} 2. Nf3 {[%clk 1:31:23]} 2...
Nc6 {[%clk 1:30:41]} 3. d4 {[%clk 1:31:48]} 3... cxd4 {[%clk 1:31:06]} 4. Nxd4
{[%clk 1:32:13]} 4... Nf6 {[%clk 1:30:45]} 5. Nc3 {[%clk 1:32:38]} 5... e5 {
[%clk 1:30:50]} 6. Ndb5 {[%clk 1:33:04]} 6... d6 {[%clk 1:31:13]} 7. Bg5 {
[%clk 1:33:30]} 7... a6 {[%clk 1:31:35]} 8. Na3 {[%clk 1:33:56]} 8... b5 {
[%clk 1:31:58]} 9. Bxf6 {[%clk 1:34:18]} 9... gxf6 {[%clk 1:32:21]} 10. Nd5 {
[%clk 1:34:45]} 10... f5 {[%clk 1:32:37]} 11. g3 {[%clk 1:35:12]} 11... fxe4 {
[%clk 1:32:42]} 12. Bg2 {[%clk 1:35:37]} 12... Be6 {[%clk 1:32:49]} 13. Bxe4 {
[%clk 1:36:01]} 13... Bg7 {[%clk 1:33:10]} 14. c3 {[%clk 1:36:25]} 14... O-O {
[%clk 1:31:41]} 15. O-O {[%clk 1:36:48]} 15... f5 {[%clk 1:30:19]} 16. Bg2 {
[%clk 1:37:13]} 16... e4 {[%clk 1:28:00]} 17. f3 {[%clk 1:20:48]} 17... b4 {
[%clk 1:20:27]} 18. Nc2 {[%clk 1:20:11]} 18... bxc3 {[%clk 1:20:21]} 19. bxc3 {
[%clk 1:20:34]} 19... exf3 {[%clk 1:15:39]} 20. Bxf3 {[%clk 1:17:58]} 20... Rc8
{[%clk 1:13:19]} 1/2-1/2

[Event "DEM U18 2018"]
[Site "Willingen GER"]
[Date "2018.05.25"]
[Round "8"]
[White "Schneider, Jana"]
[Black "Nothnagel, Marian Can"]
[Result "1/2-1/2"]
[Termination "normal"]
[Board "4"]
[WhiteTitle "FM"]
[WhiteElo "2214"]
[BlackElo "2317"]
[WhiteClock "00:11:08"]
[BlackClock "00:16:03"]
[PlyCount "64"]
[WhiteFideId "12924997"]
[BlackFideId "12921530"]
[EventCountry "GER"]
[EventRounds "9"]
[EventType "swiss"]
[EventDate "2018.05.19"]

1. e4 {[%clk 1:30:57]} 1... e6 {[%clk 1:30:55]} 2. d4 {[%clk 1:31:07]} 2... d5
{[%clk 1:31:19]} 3. Nd2 {[%clk 1:31:27]} 3... Nf6 {[%clk 1:31:36]} 4. e5 {
[%clk 1:31:47]} 4... Nfd7 {[%clk 1:32:02]} 5. c3 {[%clk 1:32:04]} 5... c5 {
[%clk 1:32:27]} 6. Bd3 {[%clk 1:32:24]} 6... b5 {[%clk 1:32:42]} 7. Ne2 { [%clk
1:25:35]} 7... Qb6 {[%clk 1:33:01]} 8. O-O {[%clk 1:24:11]} 8... Nc6 { [%clk
1:32:32]} 9. Nf3 {[%clk 1:23:14]} 9... a5 {[%clk 1:29:11]} 10. Nf4 { [%clk
1:17:00]} 10... Be7 {[%clk 1:20:13]} 11. Be3 {[%clk 1:15:47]} 11... Ba6 { [%clk
1:18:37]} 12. h4 {[%clk 1:10:46]} 12... h6 {[%clk 1:06:31]} 13. h5 { [%clk
1:05:56]} 13... b4 {[%clk 1:05:10]} 14. Bxa6 {[%clk 1:04:11]} 14... Rxa6 {[%clk
1:04:09]} 15. Nh2 {[%clk 1:02:10]} 15... Bg5 {[%clk 0:37:58]} 16. Qg4 { [%clk
0:46:48]} 16... cxd4 {[%clk 0:28:48]} 17. cxd4 {[%clk 0:46:23]} 17... Ne7
{[%clk 0:29:12]} 18. Rac1 {[%clk 0:40:49]} 18... O-O {[%clk 0:26:10]} 19. Nf3 {
[%clk 0:40:10]} 19... Bxf4 {[%clk 0:26:34]} 20. Bxf4 {[%clk 0:39:43]} 20... Kh8
{[%clk 0:26:17]} 21. Rfd1 {[%clk 0:38:18]} 21... Qb7 {[%clk 0:23:44]} 22. Nh4 {
[%clk 0:32:44]} 22... Rc8 {[%clk 0:22:24]} 23. Rxc8+ {[%clk 0:31:32]} 23...
Qxc8 {[%clk 0:22:02]} 24. Rd3 {[%clk 0:30:44]} 24... Rc6 {[%clk 0:20:32]} 25.
Rf3 {[%clk 0:28:36]} 25... Qe8 {[%clk 0:17:08]} 26. Be3 {[%clk 0:25:54]} 26...
Rc2 {[%clk 0:14:00]} 27. Qf4 {[%clk 0:25:14]} 27... Kg8 {[%clk 0:14:00]} 28.
Rg3 {[%clk 0:15:34]} 28... Kh8 {[%clk 0:14:22]} 29. Rxg7 {[%clk 0:10:52]} 29...
Kxg7 {[%clk 0:14:47]} 30. Qxh6+ {[%clk 0:11:12]} 30... Kg8 {[%clk 0:15:14]} 31.
Qg5+ {[%clk 0:11:20]} 31... Kh8 {[%clk 0:15:39]} 32. Qh6+ {[%clk 0:11:08]}
32... Kg8 {[%clk 0:16:03]} 1/2-1/2

[Event "DEM U18 2018"]
[Site "Willingen GER"]
[Date "2018.05.25"]
[Round "8"]
[White "Rieß, Alexander"]
[Black "Polster, Christian"]
[Result "1-0"]
[Termination "normal"]
[Board "5"]
[WhiteTitle "FM"]
[BlackTitle "FM"]
[WhiteElo "2279"]
[BlackElo "2289"]
[WhiteClock "00:06:29"]
[BlackClock "00:31:08"]
[PlyCount "83"]
[WhiteFideId "12953326"]
[BlackFideId "12965081"]
[EventCountry "GER"]
[EventRounds "9"]
[EventType "swiss"]
[EventDate "2018.05.19"]

1. d4 {[%clk 1:30:58]} 1... Nf6 {[%clk 1:30:54]} 2. c4 2... e6 {[%clk 1:31:16]}
3. Nc3 {[%clk 1:30:57]} 3... Bb4 {[%clk 1:31:28]} 4. Qc2 {[%clk 1:30:56]} 4...
O-O {[%clk 1:31:43]} 5. a3 {[%clk 1:30:42]} 5... Bxc3+ {[%clk 1:26:53]} 6. Qxc3
{[%clk 1:31:03]} 6... b6 {[%clk 1:26:47]} 7. Bg5 {[%clk 1:29:53]} 7... Bb7 {
[%clk 1:26:52]} 8. e3 {[%clk 1:24:46]} 8... d6 {[%clk 1:26:30]} 9. Ne2 { [%clk
1:24:53]} 9... Nbd7 {[%clk 1:26:41]} 10. Qc2 {[%clk 1:24:41]} 10... h6 { [%clk
1:26:39]} 11. Bh4 {[%clk 1:24:37]} 11... c5 {[%clk 1:26:02]} 12. Rd1 { [%clk
1:24:36]} 12... Qe7 {[%clk 1:26:06]} 13. Nc3 {[%clk 1:23:14]} 13... Rad8 {[%clk
1:26:01]} 14. f3 {[%clk 1:14:35]} 14... cxd4 {[%clk 1:26:09]} 15. Rxd4 { [%clk
1:14:47]} 15... e5 {[%clk 1:26:20]} 16. Rd1 {[%clk 1:12:42]} 16... e4 { [%clk
1:26:01]} 17. f4 {[%clk 1:11:09]} 17... g5 {[%clk 1:26:06]} 18. fxg5 { [%clk
0:55:57]} 18... Ng4 {[%clk 1:24:59]} 19. Qd2 {[%clk 0:53:52]} 19... Nc5 20. b4
{[%clk 0:40:22]} 20... Nd3+ {[%clk 1:21:10]} 21. Bxd3 {[%clk 0:37:22]} 21...
exd3 {[%clk 1:21:26]} 22. e4 22... Ne5 {[%clk 1:02:38]} 23. O-O { [%clk
0:31:32]} 23... Rc8 {[%clk 0:55:57]} 24. Rf6 {[%clk 0:22:19]} 24... Ng6 { [%clk
0:51:55]} 25. gxh6 {[%clk 0:20:23]} 25... Qe5 {[%clk 0:50:38]} 26. Rf5 { [%clk
0:19:27]} 26... Qd4+ {[%clk 0:49:19]} 27. Bf2 {[%clk 0:19:44]} 27... Qxc4
{[%clk 0:49:03]} 28. Nd5 {[%clk 0:15:35]} 28... Bxd5 {[%clk 0:45:01]} 29. Rxd5
{[%clk 0:15:05]} 29... Qxe4 {[%clk 0:43:21]} 30. h7+ {[%clk 0:13:16]} 30...
Kxh7 {[%clk 0:42:30]} 31. Rxd3 {[%clk 0:10:34]} 31... Nf4 {[%clk 0:41:10]} 32.
Rf3 {[%clk 0:10:13]} 32... Ng6 {[%clk 0:34:33]} 33. Rh3+ {[%clk 0:09:52]} 33...
Kg8 {[%clk 0:34:30]} 34. Qh6 {[%clk 0:09:44]} 34... Rfe8 {[%clk 0:33:23]} 35.
Bd4 {[%clk 0:09:50]} 35... Re5 {[%clk 0:33:01]} 36. Bxe5 {[%clk 0:08:46]} 36...
dxe5 {[%clk 0:33:27]} 37. Rhd3 {[%clk 0:08:07]} 37... Re8 {[%clk 0:33:16]} 38.
Rd8 {[%clk 0:08:07]} 38... Rf8 {[%clk 0:33:16]} 39. h4 {[%clk 0:06:31]} 39...
Qg4 {[%clk 0:31:36]} 40. Rxf8+ {[%clk 0:05:54]} 40... Nxf8 {[%clk 0:31:56]} 41.
Rd8 {[%clk 0:06:12]} 41... Qg6 {[%clk 0:31:08]} 42. Rxf8# {[%clk 0:06:29]} 1-0

[Event "DEM U18 2018"]
[Site "Willingen GER"]
[Date "2018.05.25"]
[Round "8"]
[White "Pallas, Sebastian"]
[Black "Fieberg, Samuel"]
[Result "1-0"]
[Termination "normal"]
[Board "6"]
[BlackTitle "FM"]
[WhiteElo "2291"]
[BlackElo "2248"]
[WhiteClock "00:06:29"]
[BlackClock "00:01:07"]
[PlyCount "143"]
[WhiteFideId "12905453"]
[BlackFideId "12901717"]
[EventCountry "GER"]
[EventRounds "9"]
[EventType "swiss"]
[EventDate "2018.05.19"]

1. e4 {[%clk 1:30:53]} 1... c5 {[%clk 1:30:56]} 2. Nf3 {[%clk 1:31:11]} 2... d6
{[%clk 1:31:24]} 3. d4 {[%clk 1:31:18]} 3... cxd4 {[%clk 1:31:50]} 4. Nxd4 {
[%clk 1:31:36]} 4... Nf6 {[%clk 1:32:17]} 5. Nc3 {[%clk 1:31:56]} 5... a6 {
[%clk 1:32:43]} 6. Bg5 {[%clk 1:32:10]} 6... e6 {[%clk 1:33:06]} 7. f4 { [%clk
1:32:25]} 7... Be7 {[%clk 1:33:30]} 8. Qf3 {[%clk 1:32:21]} 8... h6 { [%clk
1:33:54]} 9. Bh4 {[%clk 1:31:40]} 9... g5 {[%clk 1:34:19]} 10. fxg5 { [%clk
1:26:02]} 10... Nfd7 {[%clk 1:34:44]} 11. O-O-O {[%clk 1:14:38]} 11... Ne5
{[%clk 1:30:20]} 12. Qe2 {[%clk 1:14:54]} 12... hxg5 {[%clk 1:28:45]} 13. Bg3
{[%clk 1:14:14]} 13... Qc7 {[%clk 1:23:44]} 14. Qd2 {[%clk 1:06:26]} 14... Nbc6
{[%clk 1:17:25]} 15. Nxc6 {[%clk 0:59:53]} 15... Qxc6 {[%clk 1:14:10]} 16. Qd4
{[%clk 1:00:05]} 16... Qc7 {[%clk 1:09:17]} 17. Be2 {[%clk 0:44:36]} 17... Rb8
{[%clk 0:53:02]} 18. Rhf1 {[%clk 0:33:15]} 18... b5 {[%clk 0:46:48]} 19. a3
{[%clk 0:33:09]} 19... Bd7 {[%clk 0:44:15]} 20. Qf2 {[%clk 0:27:29]} 20... Qb6
{[%clk 0:35:47]} 21. Rd4 {[%clk 0:20:10]} 21... Rh7 {[%clk 0:28:28]} 22. Bh5 {
[%clk 0:16:35]} 22... Kd8 {[%clk 0:25:44]} 23. Be2 {[%clk 0:15:10]} 23... Nc6 {
[%clk 0:17:49]} 24. Rdd1 {[%clk 0:14:01]} 24... Qxf2 {[%clk 0:18:07]} 25. Rxf2
{[%clk 0:14:27]} 25... Kc7 {[%clk 0:16:55]} 26. Bf1 {[%clk 0:10:01]} 26... Ne5
{[%clk 0:16:05]} 27. Rfd2 {[%clk 0:10:21]} 27... f6 {[%clk 0:13:55]} 28. h3 {
[%clk 0:08:54]} 28... Rhh8 {[%clk 0:13:45]} 29. Ne2 {[%clk 0:06:18]} 29... Nc4
{[%clk 0:10:31]} 30. Rd3 {[%clk 0:06:09]} 30... Ne5 {[%clk 0:06:30]} 31. Rc3+ {
[%clk 0:06:05]} 31... Kb7 {[%clk 0:06:48]} 32. Nd4 {[%clk 0:06:11]} 32... Rhd8
{[%clk 0:04:48]} 33. Rb3 {[%clk 0:06:05]} 33... Nc6 {[%clk 0:04:49]} 34. Rbd3 {
[%clk 0:03:05]} 34... Nxd4 {[%clk 0:03:25]} 35. Rxd4 {[%clk 0:03:31]} 35... e5
{[%clk 0:03:46]} 36. R4d3 {[%clk 0:02:51]} 36... Bc6 {[%clk 0:03:15]} 37. Re3 {
[%clk 0:03:06]} 37... d5 {[%clk 0:03:05]} 38. exd5 {[%clk 0:03:08]} 38... Rxd5
{[%clk 0:03:19]} 39. Bd3 {[%clk 0:02:51]} 39... Rbd8 {[%clk 0:03:29]} 40. Rde1
{[%clk 0:01:32]} 40... Rd4 {[%clk 0:00:45]} 41. Bf2 {[%clk 0:26:08]} 41... Ra4
{[%clk 0:24:23]} 42. Be4 {[%clk 0:25:12]} 42... Bxe4 {[%clk 0:23:57]} 43. Rxe4
{[%clk 0:25:38]} 43... Rxe4 {[%clk 0:23:59]} 44. Rxe4 {[%clk 0:26:04]} 44...
Kc6 {[%clk 0:23:40]} 45. c4 {[%clk 0:26:15]} 45... Bc5 {[%clk 0:19:52]} 46.
Bxc5 {[%clk 0:25:29]} 46... Kxc5 {[%clk 0:20:20]} 47. b4+ {[%clk 0:25:45]}
47... Kc6 {[%clk 0:20:14]} 48. Kc2 {[%clk 0:25:55]} 48... bxc4 {[%clk 0:18:56]}
49. Rxc4+ {[%clk 0:26:00]} 49... Kd5 {[%clk 0:19:07]} 50. Rc5+ {[%clk 0:24:43]}
50... Kd6 {[%clk 0:13:44]} 51. Kd3 {[%clk 0:22:52]} 51... Ke6+ {[%clk 0:14:00]}
52. Ke3 {[%clk 0:20:14]} 52... Rd6 {[%clk 0:14:03]} 53. g4 {[%clk 0:19:36]}
53... Rd1 {[%clk 0:09:52]} 54. Rc6+ {[%clk 0:19:49]} 54... Rd6 {[%clk 0:10:18]}
55. Rc8 {[%clk 0:19:20]} 55... Rd1 {[%clk 0:10:24]} 56. Ra8 {[%clk 0:18:10]}
56... Rd6 {[%clk 0:10:11]} 57. Rc8 {[%clk 0:17:23]} 57... Rd1 {[%clk 0:10:36]}
58. Re8+ {[%clk 0:16:04]} 58... Kf7 {[%clk 0:10:24]} 59. Ra8 {[%clk 0:16:28]}
59... Rd6 {[%clk 0:10:44]} 60. Ke4 {[%clk 0:15:09]} 60... Rd4+ {[%clk 0:11:05]}
61. Ke3 {[%clk 0:12:18]} 61... Rd6 {[%clk 0:11:25]} 62. Rb8 {[%clk 0:12:25]}
62... Ke6 {[%clk 0:11:22]} 63. a4 {[%clk 0:11:57]} 63... Kd5 {[%clk 0:10:08]}
64. Kd3 {[%clk 0:09:51]} 64... Kc6+ {[%clk 0:07:55]} 65. Kc3 {[%clk 0:10:16]}
65... Kc7 {[%clk 0:08:07]} 66. Re8 {[%clk 0:10:13]} 66... Kd7 {[%clk 0:06:11]}
67. Ra8 {[%clk 0:08:13]} 67... e4 {[%clk 0:05:32]} 68. Ra7+ {[%clk 0:08:42]}
68... Kd8 {[%clk 0:05:52]} 69. b5 {[%clk 0:05:19]} 69... e3 {[%clk 0:03:47]}
70. Rxa6 {[%clk 0:05:38]} 70... Ke7 {[%clk 0:00:44]} 71. Rxd6 {[%clk 0:06:02]}
71... e2 {[%clk 0:01:07]} 72. Kd2 {[%clk 0:06:29]} 1-0

[Event "DEM U18 2018"]
[Site "Willingen GER"]
[Date "2018.05.25"]
[Round "8"]
[White "Woelk, Tom-Frederic"]
[Black "Ewert, Hannes"]
[Result "0-1"]
[Termination "normal"]
[Board "7"]
[BlackTitle "FM"]
[WhiteElo "2176"]
[BlackElo "2312"]
[WhiteClock "00:01:18"]
[BlackClock "00:15:19"]
[PlyCount "70"]
[WhiteFideId "12993077"]
[BlackFideId "12961574"]
[EventCountry "GER"]
[EventRounds "9"]
[EventType "swiss"]
[EventDate "2018.05.19"]

1. e4 {[%clk 1:30:57]} 1... e5 {[%clk 1:30:46]} 2. Nf3 {[%clk 1:31:22]} 2...
Nc6 3. Bb5 {[%clk 1:31:29]} 3... a6 {[%clk 1:31:30]} 4. Ba4 {[%clk 1:31:45]}
4... Nf6 {[%clk 1:31:54]} 5. O-O {[%clk 1:32:08]} 5... Be7 {[%clk 1:32:10]} 6.
Re1 {[%clk 1:32:32]} 6... b5 {[%clk 1:32:16]} 7. Bb3 {[%clk 1:32:58]} 7... d6 {
[%clk 1:32:40]} 8. c3 {[%clk 1:33:20]} 8... O-O {[%clk 1:33:00]} 9. h3 { [%clk
1:33:46]} 9... Nb8 {[%clk 1:32:40]} 10. d4 {[%clk 1:33:20]} 10... Nbd7 { [%clk
1:32:53]} 11. Nbd2 {[%clk 1:31:39]} 11... c5 {[%clk 1:29:24]} 12. d5 { [%clk
1:17:22]} 12... c4 {[%clk 1:29:28]} 13. Bc2 {[%clk 1:16:15]} 13... Nc5 { [%clk
1:27:57]} 14. b4 {[%clk 1:14:24]} 14... cxb3 {[%clk 1:24:10]} 15. axb3 { [%clk
1:14:01]} 15... Qc7 {[%clk 1:18:59]} 16. Qe2 {[%clk 1:01:25]} 16... Bd7 { [%clk
1:02:34]} 17. b4 {[%clk 0:50:27]} 17... Nb7 {[%clk 1:02:21]} 18. c4 { [%clk
0:49:40]} 18... a5 {[%clk 1:01:18]} 19. Ba3 {[%clk 0:40:37]} 19... Rfc8 { [%clk
0:39:39]} 20. Bb3 {[%clk 0:33:27]} 20... axb4 {[%clk 0:32:28]} 21. Bxb4 { [%clk
0:33:28]} 21... Nc5 {[%clk 0:32:36]} 22. Rxa8 {[%clk 0:19:37]} 22... Rxa8
{[%clk 0:33:00]} 23. Qe3 {[%clk 0:18:01]} 23... Na6 {[%clk 0:24:15]} 24. Ra1 {
[%clk 0:16:52]} 24... Qb7 {[%clk 0:24:21]} 25. Bc3 {[%clk 0:11:17]} 25... b4 {
[%clk 0:23:59]} 26. Bb2 {[%clk 0:11:43]} 26... Nc5 {[%clk 0:24:05]} 27. Rxa8+ {
[%clk 0:08:58]} 27... Qxa8 {[%clk 0:24:33]} 28. Ne1 {[%clk 0:08:08]} 28... Ba4
{[%clk 0:20:06]} 29. Bxa4 {[%clk 0:06:26]} 29... Qxa4 {[%clk 0:19:57]} 30. f3 {
[%clk 0:02:30]} 30... Qa2 {[%clk 0:15:53]} 31. Bc1 {[%clk 0:02:37]} 31... Nfd7
{[%clk 0:14:54]} 32. Kf1 {[%clk 0:02:45]} 32... Qa1 {[%clk 0:14:37]} 33. Nb3 {
[%clk 0:00:38]} 33... Nxb3 {[%clk 0:14:57]} 34. Qxb3 {[%clk 0:01:05]} 34...
Qxc1 {[%clk 0:15:17]} 35. Qxb4 {[%clk 0:01:18]} 35... Bh4 {[%clk 0:15:19]} 0-1